000 00727nam a2200241 4500
003 OSt
005 20240709015438.0
006 a
008 240709b |||||||| |||| 00| 0 eng d
020 _a9812328947
040 _aDWCL-Main lib.
_cOC
082 _2Revised edition
_aCirc. 941 F966b 2005
100 _aFuller, Barbara
245 _aBritain /
250 _aRevised edition
260 _aSingapore :
_bTimes Editions,
_cc2005.
300 _b144 p. : col. ill. ;
_c23 cm.
490 _3Cultures of the World
504 _aIncludes bibliographical references and index.
650 _a1. Great Britain.
650 _a2. Great Britain-Social life and customs.
942 _2ddc
_n0
_cBK-CIRC
_eRevised edition
_kCirc.
999 _c2120
_d2120